Discursos parlamentarios / (Record no. 166449)
[ view plain ]
| 000 -LEADER | |
|---|---|
| campo de control de longitud fija | 01368nam a22002655i 4500 |
| 001 - NÚMERO DE CONTROL | |
| campo de control | 166449 |
| 003 - IDENTIFICADOR DE NÚMERO DE CONTROL | |
| campo de control | ES-MaACL |
| 005 - FECHA Y HORA DE LA ÚLTIMA TRANSACCIÓN | |
| campo de control | 20250811052502.0 |
| 008 - DATOS DE LONGITUD FIJA--INFORMACIÓN GENERAL | |
| campo de control de longitud fija | 990208m18721881sp |||| | spa d |
| 040 ## - FUENTE DE CATALOGACIÓN | |
| Centro catalogador/agencia de origen | CCPB | B |
| Lengua de catalogación | spa |
| Centro/agencia transcriptor | CCPB | B |
| 100 1# - ENTRADA PRINCIPAL--NOMBRE DE PERSONA | |
| Nombre de persona | Toreno, José María Queipo de Llano Ruiz de Saravia, |
| Títulos y otros términos asociados al nombre | Conde de, |
| Fechas asociadas al nombre | 1786-1843 |
| 9 (RLIN) | 143059 |
| 245 10 - MENCIÓN DEL TÍTULO | |
| Título | Discursos parlamentarios / |
| Mención de responsabilidad, etc. | de José María Queipo de Llano y Rúiz de Saravia, conde de Toreno ; publicados y anotados por su hijo Francisco de Borja Queipo de Llano y Gayoso, conde de Toreno. |
| 260 ## - PUBLICACIÓN, DISTRIBUCIÓN, ETC. | |
| Lugar de publicación, distribución, etc. | Madrid : |
| Nombre del editor, distribuidor, etc. | [s.n.], |
| Fecha de publicación, distribución, etc. | 1872-1881 ( |
| Fabricante | Imprenta de Berenguillo) |
| 300 ## - DESCRIPCIÓN FÍSICA | |
| Extensión | 2 v. ; |
| Dimensiones | 21 cm. |
| 505 8# - NOTA DE CONTENIDO CON FORMATO | |
| Nota de contenido con formato | Contiene : T. I. : Cortes de Cádiz -- T. II. : Cortes de 1820 a 1821 : Legislatura de 1820 |
| 530 ## - NOTA DISPONIBLE DE FORMULARIO FÍSICO ADICIONAL | |
| Nota de formato físico adicional disponible | Disponible en formato digital. |
| 596 #1 - NOTA AL PIE DE IMPRENTA | |
| NOTA AL PIE DE IMPRENTA | T. II. : Imprenta y fundición de Manuel Tello. |
| 610 14 - PUNTO DE ACCESO ADICIONAL DE MATERIA--NOMBRE DE ENTIDAD CORPORATIVA | |
| Nombre de entidad corporativa o nombre de jurisdicción como elemento de entrada | España. |
| Unidad subordinada | Cortes de Cádiz |
| 9 (RLIN) | 3663 |
| 651 #4 - PUNTO DE ACCESO ADICIONAL DE MATERIA--NOMBRE GEOGRÁFICO | |
| Nombre geográfico | España- |
| Subdivisión general | Historia- |
| Subdivisión cronológica | 1808-1814, Guerra de la Independencia |
| 9 (RLIN) | 8244 |
| 651 #7 - PUNTO DE ACCESO ADICIONAL DE MATERIA--NOMBRE GEOGRÁFICO | |
| Nombre geográfico | España- |
| Subdivisión general | Historia- |
| Subdivisión cronológica | 1820-1823, Trienio constitucional |
| Fuente del encabezamiento o término | |
| 9 (RLIN) | 145382 |
| 700 1# - ENTRADA AGREGADA--NOMBRE PERSONAL | |
| Nombre de persona | Queipo de Llano y Gayoso, Francisco de Borja, |
| Títulos y otros términos asociados al nombre | Conde de Toreno. |
| 9 (RLIN) | 158110 |
| 852 ## - LOCALIZACIÓN | |
| Ubicación | ES-MaACL |
| Número de control de estantería | F-10181 |
| Nota libre | -- Enc. hol. |
| condición física | -- Sólo el t. I |
| 856 ## - LOCALIZACIÓN Y ACCESO ELECTRÓNICOS | |
| Identificador Uniforme de Recursos | <a href="http://bdh-rd.bne.es/viewer.vm?id=0000099910&page=1 ">http://bdh-rd.bne.es/viewer.vm?id=0000099910&page=1 </a> |
| Nota pública | Biblioteca Digital Hispánica |
| Estatus retirado | Estado de pérdida | Estado de daño | No para préstamo | Colección | Biblioteca de origen | Biblioteca actual | Ubicación en estantería | Fecha de adquisición | Fuente de adquisición | Total de préstamos | Signatura topográfica completa | Código de barras | Visto por última vez | Precio de reemplazo | Tipo de ítem Koha |
|---|---|---|---|---|---|---|---|---|---|---|---|---|---|---|---|
| Colección digital | Biblioteca del Ateneo de Madrid | Biblioteca del Ateneo de Madrid | Sala Pecera Planta 2 | 17/01/2008 | F-10181 | 1174571 | 23/02/2023 | 23/02/2023 | Libro impreso antiguo |
